000 00283nam a2200121Ia 4500
999 _c10556
_d10556
008 220318s9999 xx 000 0 und d
020 _a9780847833016
082 _a720.92
_bHAD
100 _aHadid, Zaha
245 0 _aZaha Hadid : complete works
260 _aRIZZOLI
942 _2ddc